MDQL
is popping MORE tags! Check the
thread
!
Quizzes
Events
Quiz Creation
Community
Videos
Private Events
Remove Ads
Sign In
Join for FREE
Feedback
Dark Mode
Quiz Categories
Sports
Geography
Music
Movies
Television
Just For Fun
Miscellaneous
History
Literature
Language
Science
Gaming
Entertainment
Religion
Holiday
For Kids
Quiz Lab
Recent
Popular Today
Quiz Kudos Today
Editor Picks
Curator Picks
Quizzes by...
Day
Popularity
Type
Ratings
Length
Year
Community
Subscriptions
Recent Discussions
Orange Saloon
Badges
Playlists
Quests
Create
Leaderboards
Showdown
Live 5
Trivia Bingo
Activity
Puzzle Library
Sporcle Events
Private Events
Virtual Trivia
Globe League
Become a Host
Pub Owners
SporcleCon
Opinionation
Our Games
Videos
Blog
Mobile Apps
Partnerships
Remove Ads and Go Orange
Feedback
Television
TV Characters
TV Show
Sitcom
Network
Friends
Reality Shows
Cast
South Park
Star Trek
The Simpsons
Doctor Who
Television
TV Characters
TV Show
Sitcom
Network
Friends
Reality Shows
Cast
South Park
Star Trek
The Simpsons
Doctor Who
Random Quiz
Search Sporcle
×
Quiz Lab
Quiz Lab
Television
Personage
Type in answers that appear in a list
Type in answers that appear in a list
Classic
Best Score? Go Orange.
Top 200 Personagens 2 Stats
Can you name the Top 200 Personagens 2?
By
alvin2011
20m
200 Questions
14 Plays
14 Plays
14 Plays
Comments
Comments
Give Quiz Kudos
Give Quiz Kudos
-
- Ratings
hide this ad
Replay
Link that replays current quiz
Next Quiz
Link to next quiz in quiz playlist
You Got
0%
They Got
Avg Score
12%
Avg Friend Score
Upgrade to see
Score Distribution
Jump to the score distribution portion of the page
Score
0/200
Timer
20:00
0
Plays Today
Número
Personagens
% Correct
1
Naruto
64.3%
145
Mario
57.1%
17
Fred
50%
20
Ash
50%
23
Pikachu
50%
74
Ken
50%
146
Luigi
50%
147
Yoshi
50%
148
Peach
50%
154
Bowser
50%
157
Toad
50%
198
Sam
50%
15
Scooby-Doo
42.9%
21
Brock
42.9%
22
Misty
42.9%
73
Ryu
42.9%
118
Woody
42.9%
119
Buzz
42.9%
149
Daisy
42.9%
150
Waluigi
42.9%
151
Wario
42.9%
155
Donkey Kong
42.9%
195
Drake
42.9%
196
Josh
42.9%
2
Sasuke
35.7%
19
Velma
35.7%
29
Rex
35.7%
120
Jesse
35.7%
156
Diddy Kong
35.7%
162
Justin
35.7%
163
Max
35.7%
197
Carly
35.7%
200
Spencer
35.7%
115
Chris Redfield
28.6%
121
Bala no Alvo
28.6%
122
Lotso
28.6%
123
Barbie
28.6%
125
Leon Scott Kennedy
28.6%
161
Alex
28.6%
165
Jerry
28.6%
166
Harper
28.6%
173
Phineas
28.6%
174
Ferb
28.6%
175
Perry
28.6%
179
Isabella
28.6%
199
Freddie
28.6%
3
Itachi
21.4%
4
Light Yagami
21.4%
10
Amy
21.4%
16
Shaggy
21.4%
44
Joey Wheeler
21.4%
58
Ron Waseley
21.4%
75
Akuma
21.4%
124
Homem de Ferro
21.4%
141
Rachel
21.4%
142
Ross
21.4%
143
Joey
21.4%
152
Birdo
21.4%
158
Toadette
21.4%
177
Bufford
21.4%
5
Near
14.3%
13
Mina
14.3%
18
Daphine
14.3%
30
Zoe
14.3%
55
Kratos
14.3%
57
Harry Potter
14.3%
59
Hermione Granger
14.3%
Número
Personagens
% Correct
65
Ben Tennyson
14.3%
101
Mu
14.3%
139
Monica
14.3%
140
Chandler
14.3%
164
Theresa
14.3%
167
Alvin
14.3%
168
Simon
14.3%
169
Theodore
14.3%
188
Flik
14.3%
189
Barry Bee Benson
14.3%
6
Miza Miza
7.1%
11
Ray
7.1%
24
Remy
7.1%
25
Linguini
7.1%
26
Collette
7.1%
27
Emile
7.1%
43
Yugi Moto
7.1%
47
Gru
7.1%
48
Boog
7.1%
49
Elliott
7.1%
51
Skitter
7.1%
66
Xlr8
7.1%
67
Chama
7.1%
96
Seiya
7.1%
116
Sheva Alomar
7.1%
117
Albert Wesker
7.1%
127
Catherine Willows
7.1%
132
Greg
7.1%
136
Charlie
7.1%
144
Phoebes
7.1%
153
Dry Bones
7.1%
170
Brittany
7.1%
171
Jeanette
7.1%
176
Candice
7.1%
185
Stitch
7.1%
186
Koda
7.1%
187
Kenai
7.1%
190
RJ
7.1%
110
Shura
0%
7
Zatch Bell
0%
8
Kiyo
0%
9
Serena
0%
12
Lita
0%
14
Darien
0%
28
Max Taylor
0%
31
Ace
0%
32
Gabu
0%
33
Satoru Endo
0%
34
Goenji
0%
35
Fubuki
0%
36
Someoka
0%
37
Kabeyama
0%
38
Kurimatsu
0%
39
Ichinose
0%
40
Tachimukai
0%
41
Kazemaru
0%
42
Toramaru
0%
45
Jaden
0%
46
Syrus
0%
50
Doug
0%
52
Paty Maionese
0%
53
Costelinha
0%
54
Roger Klotz
0%
56
Nathan Drake
0%
60
Draco Malfoy
0%
61
Severo Snape
0%
62
Hagrid
0%
Número
Personagens
% Correct
63
Alvo Dumbledore
0%
64
Voldemort
0%
68
Zé Colméia
0%
69
Catatau
0%
70
Mitsurugi
0%
71
Algol
0%
72
Bayonetta
0%
76
Seth
0%
77
Juri
0%
78
Hakan
0%
79
Dee Jay
0%
80
T.Hawk
0%
81
Cammy
0%
82
Fei Long
0%
83
Rufus
0%
84
C.Viper
0%
85
Abel
0%
86
El Fuerte
0%
87
Shu
0%
88
Kluke
0%
89
Jiro
0%
90
Zola
0%
91
Maru Maro
0%
92
Kogure
0%
93
Kido
0%
94
Tsunami
0%
95
Aphrodi
0%
97
Shun
0%
98
Ikki
0%
99
Hyoga
0%
100
Shiryu
0%
102
Aldebaran
0%
403
Saga
0%
104
Máscara da Morte
0%
105
Aioria
0%
106
Shaka
0%
107
Dohko
0%
108
Miro
0%
109
Aiolos
0%
111
Kamus
0%
112
Afrodite
0%
113
Shurato
0%
114
Hector
0%
126
Gil Grissom
0%
128
Warrick Brown
0%
129
Nick Stokes
0%
130
Sara Sidle
0%
131
Jim Brass
0%
133
Nemo
0%
134
Marlin
0%
135
Dory
0%
137
Alan
0%
138
Jake
0%
159
Kirby
0%
160
Samus Aran
0%
172
Eleonor
0%
178
Aslan
0%
180
Timmy Turner
0%
181
Cosmo
0%
182
Wanda
0%
183
Dumbo
0%
184
Bambi
0%
191
Verne
0%
192
Hammy
0%
193
Tico
0%
194
Teco
0%
Quiz Playlist
Details
Report
Send in Message
Add To Playlist
Classic:
Type in answers that appear in a list
Last Updated: Feb 16, 2017
Quiz Scoreboard
CHALLENGE
Sign Up to Join the Scoreboard
Show All
Scores
Hide
Comments
May contain spoilers
Recently Published
Holiday 10x10 Sorting Gallery
by lukepisani3
Holiday
15m
Two Season TV Shows II
by 123Four
Television
10m
Image Sorting: Flags VI
by Barbecue
Geography
2m
More to Explore
Quiz From the Vault
Featured Blog Post
14 Easter Pick-up Lines to Find Eggs With
hide this ad
You Might Also Like...
Tags
200
Numero
Personage
Top 200
Today's Top Quizzes in Television
Browse Television
hide this ad
Top Contributed Quizzes in Television
1
Survivor Journey Challenge
2
Even More Two Season TV Shows
3
Adjectives in 00s TV Shows
4
Brooklyn Nine Nine Logic Puzzle (How-To-Play)
5
Adjectives in 10s TV Shows
6
Click the SpongeBob Episodes (Season 3)
7
Even More Three Season TV Shows
8
Survivor Logic Puzzle: Heroes vs. Villains
9
Total Drama Characters
10
Survivor Heroes vs. Villains Logic Puzzle
Explore More
Trending Topics
Harry Potter
Disney
Kpop
NBA
Anime
Crossword
Marvel
The Office
WWE
Song
NFL
Puzzle
Soccer
Pokémon
Country
hide this ad
More By:
alvin2011
Quiz
Plays
Rating
Category
Featured
Created
Power Rangers by Color
3,655
2.83
Television
Sep 15, 2011
Power Rangers by Season
1,066
3.67
Television
Mar 1, 2011
power rangers villians
439
1.50
Television
May 3, 2011
Super Street Fighter Characters Rivals
353
1.00
Gaming
Feb 13, 2011
Super Street Fighter 4 Characters
311
3.00
Gaming
Oct 1, 2011
Go to Creator's Profile
Score Distribution
Quiz Creator Spotlight
alvin2011
Follow
Send a Message
Quizzes Created
-
Created Quiz Play Count
-
More By This Creator
Popular Quizzes Today
1
Find the US States - No Outlines Minefield
2
Colored Red Africa Blitz
3
Find the 'City' Movie
4
The Countries of the World
5
5x2 Blitz: Bands
6
Find the Countries of Europe - No Outlines Minefield
7
Find the US States
8
US States
More Television Quizzes
Based on the TV Show
Published
Trending Quizzes
Colored Red Europe Blitz I
Colored Red Europe Blitz II
Colored Red Africa Blitz II
Even More Two Season TV Shows
Colored Red Africa Blitz III
Recently Updated
Odd Team Out - Big 4 Players
pecheneg
Quick Pick: 20 Twenties
pecheneg
March Madness Men's Triple Doubles
pecheneg
How Do You Spell That?
pecheneg
Godzilla Movies
pecheneg
Grab Bag: 4-10 Letters
pecheneg
2024 March Madness Bracket
pecheneg
Famous TV Couples
Peacemaker
Champions League XIs: Real Madrid
pecheneg
Largest US Cities 1790-2010
pecheneg
Trending Topics
Anime
Marvel
NBA
Crossword
Harry Potter
Disney
Kpop
Song
WWE
Country
Soccer
The Office
Pokémon
Puzzle
NFL
Your Account Isn't Verified!
In order to create a playlist on Sporcle, you need to verify the email address you used during registration. Go to your
Sporcle Settings
to finish the process.
Report this User
Report this user for behavior that violates our
Community Guidelines
.
Details:
Send Report
Go to the Sporcle.com Mobile Site →
Comments